000 01108nam a22002537a 4500
005 20170124102940.0
010 _aB-023312
020 _c120.00
_a8185139598
035 _aB-023312
037 _bCen Lib/Ret
040 _aDPL
_bHN
082 _a827
_bअरोरा
100 _aअरोरा, पिलकेन्द्र
_99690
245 _aलिफाफे का अर्थ शास्त्र :
_cपिलकेन्द्र अरोरा
_bव्यंग्य /
246 _aLifafe ka arth shastra : vyangy /
_bby Pilkendra Arora
260 _aबिजनौर
_bहिंदी साहित्य निकेतन
_c2000
270 _bबिजनौर
_a16, साहित्य विहार
300 _a143पृ.
_c20मी(सजिल्द)
650 _aहिन्दी साहित्य
_947952
650 _aहिन्दी साहित्य -- कहानियाँ
_947953
650 _aHindi literature
_947954
650 _aHindi literature -- stories
_947955
942 _2ddc
_cHN
_h827
_mअरोरा
999 _c112511
_d112511